Optimización de un dispositivo de colecta de saliva para pruebas moleculares de diagnóstico del virusSAR-CoV-2, por medio de la utilización de agentes antimicrobianos, simulaciones y pruebas mecánicas
Збережено в:
| Автор: | |
|---|---|
| Інші автори: | |
| Формат: | Книга |
| Мова: | Spanish |
| Опубліковано: |
[San José, Costa Rica]
2023
|
| Предмети: | |
| Теги: |
Додати тег
Немає тегів, Будьте першим, хто поставить тег для цього запису!
|
MARC
| LEADER | 00000nam a2200000Ia 4500 | ||
|---|---|---|---|
| 003 | 013641 | ||
| 005 | 20230424154445.0 | ||
| 008 | 140114s2023 cr a 000 ||spa d | ||
| 040 | |c cru CEDI | ||
| 100 | |a Horvilleur Gómez, Ximena, 1994- |9 418 | ||
| 245 | |a Optimización de un dispositivo de colecta de saliva para pruebas moleculares de diagnóstico del virusSAR-CoV-2, por medio de la utilización de agentes antimicrobianos, simulaciones y pruebas mecánicas | ||
| 260 | |a [San José, Costa Rica] |c 2023 | ||
| 500 | |a Trabajo de graduación. (licenciatura en ingeniería mecánica)-- Universidad de Costa Rica. Facultad de Ingeniería. Escuela de Ingeniería Mecánica | ||
| 501 | |a Director de Trabajo Final de Graduación: M.Sc. Fernando Esteban Flores Mora | ||
| 650 | |x SALIVA - ANALISIS |x NANOPARTICULAS |x VIRUS |x DISPOSITIVOS ELECTROMECANICOS - DISEÑO |x AGENTES ANTIMICROBIANOS | ||
| 700 | |9 419 |a Flores Mora, Fernando Esteban, 1983- |d Director del TFG | ||
| 942 | |c CEDI |h TFG 8792 |6 TFG_8792_000000000000000 | ||
| 999 | |c 15233 |d 15233 | ||
